| 000 | 00747nam a2200217 a 4500 | ||
|---|---|---|---|
| 001 | 4366 | ||
| 003 | CDMR | ||
| 005 | 20131209154621.0 | ||
| 008 | 130130s1965||||||||||||||||||||||||||||d | ||
| 040 |
_aCDMR _bcat _cCDMR |
||
| 245 | 0 | 3 |
_aEl concepto de información en la ciencia contemporánea _b: Coloquios de Royaumont _cintroducción de Marcial Guéroult ; traducción de Florentino M. Torner |
| 260 |
_aMéxico _c1966 _bSiglo veintiuno |
||
| 300 | _a310 p. | ||
| 490 | 0 | _aNueva ciencia, nueva técnica | |
| 650 | 0 | 4 |
_92194 _aInformació, Teoria de la |
| 650 | 0 | 4 |
_94353 _aComunicació _xFilosofia |
| 650 | 0 | 4 |
_93364 _aTecnologia de la informació |
| 650 | 0 | 4 |
_93668 _aComunicació i ciència |
| 700 | 1 |
_94477 _aGuéroult, Marcial |
|
| 942 |
_cMON _2udc |
||
| 999 |
_c4366 _d4366 |
||